[Event "Prague op-B 18th"]
[Site "Prague"]
[Date "2019.01.12"]
[Round "3"]
[White "Pyzio, Amelia"]
[Black "Svetly, Jiri"]
[Result "0-1"]
[WhiteElo "1646"]
[BlackElo "1879"]
[PlyCount "106"]
[EventDate "2019.01.11"]
[EventType "swiss"]
[EventRounds "9"]
[EventCountry "CZE"]
[SourceTitle "CBM 188 Extra"]
[Source "ChessBase"]
[SourceDate "2019.02.26"]
[SourceVersion "1"]
[SourceVersionDate "2019.02.26"]
[SourceQuality "1"]

1. e4 d6 2. d4 Nf6 3. Nc3 g6 4. Bc4 Bg7 5. Nf3 c6 6. 0-0 b5 7. Bd3 0-0 8. a4 b4 9. Ne2 a5 10. Ng3 Nbd7 11. h3 e5 12. dxe5 dxe5 13. Qe2 Qc7 14. Be3 c5 15. Nd2 Bb7 16. Nc4 Nb6 17. Bg5 Nfd7 18. Rfd1 Nxc4 19. Bxc4 Nb6 20. Bb5 h6 21. Be3 f5 22. exf5 gxf5 23. Nh5 f4 24. Bc1 Qf7 25. Qg4 Rad8 26. Bd2 Rd6 27. Qxg7+ Qxg7 28. Nxg7 Kxg7 29. Be1 Rfd8 30. Rxd6 Rxd6 31. Kf1 Bd5 32. f3 Bc4+ 33. Kf2 Kf6 34. b3 Be6 35. Ke2 c4 36. Rb1 Kf5 37. Bd2 Bf7 38. Be1 e4 39. fxe4+ Kxe4 40. Bd2 Bh5+ 41. Ke1 Bf7 42. Ke2 Bh5+ 43. Ke1 c3 44. Bd3+ Ke5 45. Bc1 Bg6 46. Bxg6 Rxg6 47. Kf2 Nd5 48. Ra1 h5 49. Rb1 h4 50. Ra1 Ne7 51. Rb1 Nf5 52. Ra1 Rd6 53. Rb1 Nd4 0-1

[Event "Pobeskydy op"]
[Site "Frydek Mistek"]
[Date "2018.03.31"]
[Round "6"]
[White "Pyzio, Amelia"]
[Black "Skalicky, Tomas"]
[Result "0-1"]
[WhiteElo "1780"]
[BlackElo "2138"]
[PlyCount "68"]
[EventDate "2018.03.29"]
[EventType "swiss"]
[EventRounds "9"]
[EventCountry "CZE"]
[SourceTitle "CBM 183 Extra"]
[Source "ChessBase"]
[SourceDate "2018.04.19"]
[SourceVersion "1"]
[SourceVersionDate "2018.04.19"]
[SourceQuality "1"]

1. e4 c5 2. Nf3 d6 3. d4 cxd4 4. Nxd4 Nf6 5. f3 Nc6 6. c4 g6 7. Be3 Bg7 8. Qd2 0-0 9. Nc3 Bd7 10. Be2 Nxd4 11. Bxd4 a5 12. 0-0 Bc6 13. Rfd1 Nd7 14. Kh1 Bxd4 15. Qxd4 Qb6 16. Qd2 Rfc8 17. g4 Nc5 18. h4 a4 19. h5 a3 20. b3 Ne6 21. hxg6 hxg6 22. Kg2 Kg7 23. Rh1 Rh8 24. Bd3 Qd4 25. Ne2 Qe5 26. Raf1 g5 27. Bb1 b5 28. cxb5 Bxb5 29. Bd3 Bxd3 30. Qxd3 Qb2 31. Rxh8 Nf4+ 32. Kg3 Nxd3 33. Rxa8 Qxe2 34. Rh1 Qf2+ 0-1

[Event "Pobeskydy op"]
[Site "Frydek Mistek"]
[Date "2018.03.29"]
[Round "1"]
[White "Horak, Jan"]
[Black "Pyzio, Amelia"]
[Result "1-0"]
[WhiteElo "1950"]
[BlackElo "1780"]
[PlyCount "91"]
[EventDate "2018.03.29"]
[EventType "swiss"]
[EventRounds "9"]
[EventCountry "CZE"]
[SourceTitle "CBM 183 Extra"]
[Source "ChessBase"]
[SourceDate "2018.04.19"]
[SourceVersion "1"]
[SourceVersionDate "2018.04.19"]
[SourceQuality "1"]

1. e4 e5 2. f4 exf4 3. Nf3 Ne7 4. d4 Ng6 5. Bd3 Be7 6. 0-0 0-0 7. Nc3 Nc6 8. Nd5 Nb4 9. Nxb4 Bxb4 10. c3 Be7 11. Bd2 d5 12. Qc2 dxe4 13. Bxe4 Qd6 14. Kh1 Kh8 15. Ne5 Bg5 16. Rae1 c6 17. c4 Qxd4 18. Bxg6 hxg6 19. Nxf7+ Rxf7 20. Qxg6 Qf6 21. Re8+ Rf8 22. Rxf8+ Qxf8 23. Qxg5 Bd7 24. Bc3 Re8 25. Rxf4 Qe7 26. Qg3 Kg8 27. Rf1 Rf8 28. Re1 Qf7 29. h3 Re8 30. Rd1 Be6 31. b3 Bc8 32. Rd6 Be6 33. Kh2 a6 34. c5 Kh7 35. Rd4 Kg8 36. Rf4 Qd7 37. Rf6 Re7 38. Rg6 Kf8 39. Qf4+ Kg8 40. Qg3 Kf8 41. Be5 Kg8 42. h4 Bf5 43. Rg5 Bh7 44. h5 Rf7 45. h6 g6 46. Rxg6+ 1-0

[Event "POL-ch U14 Girls"]
[Site "Suwalki"]
[Date "2015.04.14"]
[Round "9"]
[White "Lukaszewska, Magdalena"]
[Black "Pyzio, Amelia"]
[Result "0-1"]
[WhiteElo "1249"]
[BlackElo "1384"]
[PlyCount "98"]
[EventDate "2015.04.08"]
[EventType "swiss"]
[EventRounds "9"]
[EventCountry "POL"]
[SourceTitle "EXT 2017"]
[Source "ChessBase"]
[SourceDate "2016.10.25"]
[SourceVersion "1"]
[SourceVersionDate "2016.10.25"]
[SourceQuality "1"]

1. e4 e5 2. Nf3 Nc6 3. Bb5 a6 4. Bxc6 dxc6 5. 0-0 Bd6 6. d4 Bg4 7. dxe5 Bxf3 8. Qxf3 Bxe5 9. Nc3 Nf6 10. Bf4 Qe7 11. Bxe5 Qxe5 12. Qe2 0-0 13. f4 Qd4+ 14. Kh1 Rfe8 15. e5 Re6 16. Qf3 Ne8 17. Rad1 Qb4 18. b3 Qe7 19. Qh5 f6 20. Rfe1 fxe5 21. Rxe5 Nf6 22. Rxe6 Qxe6 23. Qe5 Re8 24. Re1 Qf7 25. Qxe8+ Nxe8 26. Na4 Nd6 27. Rf1 Qh5 28. h3 Qe2 29. Rc1 Ne4 30. f5 Ng3+ 31. Kh2 Nxf5 32. a3 b5 33. Nc5 Nh4 34. Rg1 Nf3+ 35. Kh1 Nxg1 36. Kxg1 Qe3+ 37. Kh2 Qxc5 38. a4 Qxc2 39. axb5 cxb5 40. b4 c5 41. bxc5 a5 42. c6 a4 43. Kh1 a3 44. c7 a2 45. c8R+ Qxc8 46. Kh2 Qc7+ 47. Kg1 Qg3 48. Kf1 a1Q+ 49. Ke2 Qae1# 0-1

[Event "POL-ch U14 Girls"]
[Site "Suwalki"]
[Date "2015.04.09"]
[Round "2"]
[White "Pyzio, Amelia"]
[Black "Borsuk, Aleksandra"]
[Result "1-0"]
[WhiteElo "1384"]
[BlackElo "1190"]
[PlyCount "65"]
[EventDate "2015.04.08"]
[EventType "swiss"]
[EventRounds "9"]
[EventCountry "POL"]
[SourceTitle "EXT 2017"]
[Source "ChessBase"]
[SourceDate "2016.10.25"]
[SourceVersion "1"]
[SourceVersionDate "2016.10.25"]
[SourceQuality "1"]

1. e4 e6 2. d4 d5 3. exd5 exd5 4. c4 c6 5. Nc3 Bf5 6. Nf3 Nd7 7. Be2 Ngf6 8. 0-0 Qc7 9. Be3 b6 10. Re1 Bd6 11. h3 0-0 12. Bd3 Bg6 13. Rc1 Rfe8 14. cxd5 Rac8 15. Ba6 Rcd8 16. Nb5 Qb8 17. dxc6 Nc5 18. dxc5 bxc5 19. Qa4 Qb6 20. Nxd6 Rxd6 21. Bb5 Rd5 22. b4 Ne4 23. Bxc5 Qb8 24. c7 Qxc7 25. Bxe8 Nxc5 26. bxc5 Rxc5 27. Rxc5 Qxc5 28. Bc6 f6 29. Be4 Bxe4 30. Qe8+ Qf8 31. Rxe4 h6 32. Qg6 Qf7 33. Re8+ 1-0

[Event "POL Olympiad U12 Girls"]
[Site "Spala"]
[Date "2014.12.30"]
[Round "4.12"]
[White "Pyzio, Amelia"]
[Black "Bilczewska, Olga"]
[Result "0-1"]
[WhiteElo "1346"]
[BlackElo "1252"]
[PlyCount "48"]
[EventDate "2014.04.06"]
[EventType "swiss"]
[EventRounds "9"]
[EventCountry "POL"]
[SourceTitle "EXT 2023"]
[Source "ChessBase"]
[SourceDate "2022.10.05"]
[SourceVersion "1"]
[SourceVersionDate "2022.10.05"]
[SourceQuality "1"]

1. e4 e5 2. Nf3 Nc6 3. Bb5 Bc5 4. 0-0 Nf6 5. d3 d6 6. c3 0-0 7. h3 a6 8. Ba4 h6 9. Bc2 Ba7 10. Re1 Nh7 11. Be3 f5 12. Bxa7 Nxa7 13. d4 exd4 14. Nxd4 fxe4 15. Bxe4 Ng5 16. Bd5+ Kh8 17. Nd2 Nxh3+ 18. gxh3 Qg5+ 19. Kh1 Qxd5+ 20. Ne4 Rf4 21. f3 Qh5 22. Nf2 c5 23. Ne2 Qxf3+ 24. Kh2 Qxf2+ 0-1

[Event "POL Olympiad U12 Girls"]
[Site "Spala"]
[Date "2014.12.30"]
[Round "8.11"]
[White "Pyzio, Amelia"]
[Black "Michalska, Aleksandra"]
[Result "1-0"]
[WhiteElo "1346"]
[BlackElo "1266"]
[PlyCount "135"]
[EventDate "2014.04.06"]
[EventType "swiss"]
[EventRounds "9"]
[EventCountry "POL"]
[SourceTitle "EXT 2023"]
[Source "ChessBase"]
[SourceDate "2022.10.05"]
[SourceVersion "1"]
[SourceVersionDate "2022.10.05"]
[SourceQuality "1"]

1. e4 e5 2. Nf3 Nc6 3. Bb5 a6 4. Ba4 Nf6 5. d3 Bc5 6. 0-0 b5 7. Bb3 0-0 8. h3 h6 9. c3 d6 10. Re1 Bb7 11. Nbd2 Bb6 12. Nf1 Ne7 13. Ne3 Ng6 14. Nh2 c6 15. Nhg4 Nxg4 16. Qxg4 Qg5 17. Qxg5 hxg5 18. Nf5 Bc5 19. Bxg5 Kh7 20. a3 f6 21. Be3 Bxe3 22. fxe3 Rad8 23. Rf1 d5 24. exd5 cxd5 25. Rac1 Rfe8 26. Bd1 Ne7 27. Bg4 Nxf5 28. Bxf5+ g6 29. Bg4 f5 30. Bf3 e4 31. dxe4 dxe4 32. Bd1 Rd3 33. Re1 Red8 34. Bc2 Rd2 35. Red1 Rxd1+ 36. Rxd1 Rxd1+ 37. Bxd1 Bd5 38. Kf2 Kg7 39. Kg3 Kf6 40. h4 Bc4 41. Kf4 Bd5 42. a4 Bc4 43. axb5 axb5 44. g3 Bd5 45. Be2 Bc6 46. b4 Ke6 47. Kg5 Kf7 48. c4 bxc4 49. Bxc4+ Kg7 50. Ba6 Bd5 51. Bb5 Kf7 52. Ba4 Bb7 53. b5 Kg7 54. b6 Ba8 55. Be8 Bb7 56. Bxg6 Bc6 57. Bxf5 Ba8 58. Bc8 Bc6 59. b7 Bxb7 60. Bxb7 Kf7 61. Bxe4 Kg7 62. Bg6 Kf8 63. Kf6 Kg8 64. e4 Kf8 65. e5 Kg8 66. e6 Kf8 67. e7+ Kg8 68. e8Q# 1-0